Parcel of death : (Record no. 782261)

MARC details
000 -LEADER
fixed length control field 00618nam a22001937b 4500
003 - CONTROL NUMBER IDENTIFIER
control field 3228
005 - DATE AND TIME OF LATEST TRANSACTION
control field 20250808114845.0
008 - FIXED-LENGTH DATA ELEMENTS--GENERAL INFORMATION
fixed length control field 250808b sa ||||| |||| 00| 0 eng d
020 ## - INTERNATIONAL STANDARD BOOK NUMBER
International Standard Book Number 9781770106499 (paperback)
040 ## - CATALOGING SOURCE
Original cataloging agency MPL
Language of cataloging English
Transcribing agency 3228
Description conventions Resource Description and Access
041 ## - LANGUAGE CODE
Language code of text/sound track or separate title English
082 #0 - DEWEY DECIMAL CLASSIFICATION NUMBER
Classification number 968.02 TIRO
100 ## - MAIN ENTRY--PERSONAL NAME
9 (RLIN) 196191
Personal name Gaongalelwe Tiro
Relator term Author
245 ## - TITLE STATEMENT
Title Parcel of death :
Remainder of title the biography of Onkgopotse Abram Tiro /
Statement of responsibility, etc. Gaongalelwe Tiro
260 ## - PUBLICATION, DISTRIBUTION, ETC.
Place of publication, distribution, etc. Johannesburg :
Name of publisher, distributor, etc. Picador Africa;
Date of publication, distribution, etc. 2019
300 ## - PHYSICAL DESCRIPTION
Extent 244 pages :
Other physical details Illustrations ;
Dimensions 24 cm
504 ## - BIBLIOGRAPHY, ETC. NOTE
Bibliography, etc. note Includes bibliography and index
942 ## - ADDED ENTRY ELEMENTS
Source of classification or shelving scheme Dewey Decimal Classification
item type Book
-- 242
-- Nelisiwe Ngobeni
-- 242
-- Nelisiwe Ngobeni
Holdings
Withdrawn status Lost status Source of classification or shelving scheme Damaged status Not for loan Collection code Home library Current library Shelving location Date acquired Total Checkouts Full call number Barcode Date last seen Price effective from item type
    Dewey Decimal Classification     900: History & Geography KWAMHLANGA REGIONAL LIBRARY THEMBISILE HANI Public Library 24 Non Fiction 08.08.2025   968.02 TIRO 33228031084232 08.08.2025 08.08.2025 Book